Administratívny átriový objekt E-Gate

Bibliographic Details
Main Author: Schindler, Jan (Author)
Format: Article
Language:Slovak
PhysicalDescription:Fotogr.
ISSN:1335-1249
Subjects:

MARC

LEADER 00000nab a2200000 a 4500
001 vtls009174640
003 SK-MaSNL
005 20260304153400.0
008 250506c2007 xo zr|p|||||||000 b|slo
015 |a SNBRB2008/01  |2 snkbucl 
035 |a (uuid)58438a44-98c5-457b-8b59-3d2f75728f4a 
035 |a urn:nbn:sk:snk-abadfm 
035 |a (urnnbn)urn:nbn:sk:snk:ar-008e5p 
038 |a SNKBUCL 
040 |a SNKBUCL  |b slo  |c SNKBUCL  |e AACR2 
041 0 |a slo 
044 |a xo  |c SK 
080 |a 725.23  |x (437.3)  |2 2001 
245 0 0 |a Administratívny átriový objekt E-Gate  |c pripravila Martina Trnkusová v spolupráci s Janom Schindlerom a firmou Skanska CZ 
300 |b Fotogr. 
500 |a Architekti: Jan Schindler, Petr Ekštein 
610 2 7 |a E-Gate (Praha, Česko)  |x architektúra  |2 snkbucl  |9 1476687 
650 0 7 |a administratívne budovy  |2 snkbucl  |9 2988 
700 1 |a Schindler, Jan  |4 aut  |9 1476688 
773 0 |t Eurostav  |g Roč. 13, č. 8 (2007), s. 52-54  |x 1335-1249 
850 |a Slovenská národná knižnica 
852 |a Slovenská národná knižnica 
954 |a odborná, vedecká literatúra pôvodná (slovenská)  |2 lita 
958 |a article14 
958 |a OND 
958 |a CZ 
958 |a EUIPO 
999 |c 2953465  |d 2955395